<?xml version="1.0" encoding="UTF-8"?>
<record
    xmlns:xsi="http://www.w3.org/2001/XMLSchema-instance"
    xsi:schemaLocation="http://www.loc.gov/MARC21/slim http://www.loc.gov/standards/marcxml/schema/MARC21slim.xsd"
    xmlns="http://www.loc.gov/MARC21/slim">

  <leader>00837nam a22001937a 4500</leader>
  <controlfield tag="001">10025</controlfield>
  <controlfield tag="003">FISKH</controlfield>
  <controlfield tag="005">20260401101751.0</controlfield>
  <controlfield tag="008">260330b        cb ||||| |||| 00| 0 eng d</controlfield>
  <datafield tag="020" ind1=" " ind2=" ">
    <subfield code="a">9787536574380</subfield>
  </datafield>
  <datafield tag="040" ind1=" " ind2=" ">
    <subfield code="a">FISKH</subfield>
    <subfield code="b">chi</subfield>
    <subfield code="c">FISKH</subfield>
    <subfield code="d">FISKH</subfield>
  </datafield>
  <datafield tag="082" ind1=" " ind2=" ">
    <subfield code="a">818</subfield>
  </datafield>
  <datafield tag="100" ind1=" " ind2=" ">
    <subfield code="a">&#x4E2D;&#x6587;: &#x5317;&#x732B;</subfield>
  </datafield>
  <datafield tag="245" ind1=" " ind2=" ">
    <subfield code="a">&#x4E66;&#x540D; /</subfield>
    <subfield code="c">&#x4E2D;&#x6587;: &#x5317;&#x732B;</subfield>
  </datafield>
  <datafield tag="300" ind1=" " ind2=" ">
    <subfield code="a">139 pages :</subfield>
    <subfield code="b">color illustrations ;</subfield>
    <subfield code="c">17 cm .</subfield>
  </datafield>
  <datafield tag="520" ind1=" " ind2=" ">
    <subfield code="a">&#x300A;&#x8C01;&#x662F;&#x806A;&#x660E;&#x4EBA;&#x2011;&#x7C73;&#x5C0F;&#x5708;&#x8111;&#x7B4B;&#x6025;&#x8F6C;&#x5F2F;&#x300B;&#x662F;&#x4E00;&#x672C;&#x9762;&#x5411;&#x513F;&#x7AE5;&#x7684;&#x8111;&#x7B4B;&#x6025;&#x8F6C;&#x5F2F;&#x76CA;&#x667A;&#x4E66;&#xFF0C;&#x4EE5;&#x7ECF;&#x5178;&#x89D2;&#x8272;&#x7C73;&#x5C0F;&#x5708;&#x4E3A;&#x4E3B;&#x89D2;&#xFF0C;&#x901A;&#x8FC7;&#x8F7B;&#x677E;&#x6709;&#x8DA3;&#x7684;&#x6545;&#x4E8B;&#x7EBF;&#x7D22;&#x8BBE;&#x8BA1;&#x591A;&#x7EC4;&#x8C1C;&#x9898;&#x3002;&#x4E66;&#x4E2D;&#x4EE5;&#x7C7B;&#x4F3C;&#x95EF;&#x5173;&#x7684;&#x65B9;&#x5F0F;&#x5448;&#x73B0;&#x8C1C;&#x8BED;&#x548C;&#x6311;&#x6218;&#xFF0C;&#x65E2;&#x80FD;&#x5E26;&#x6765;&#x9605;&#x8BFB;&#x4E50;&#x8DA3;&#xFF0C;&#x53C8;&#x80FD;&#x6FC0;&#x53D1;&#x5B69;&#x5B50;&#x7684;&#x903B;&#x8F91;&#x601D;&#x7EF4;&#x548C;&#x521B;&#x9020;&#x529B;&#xFF0C;&#x662F;&#x4E00;&#x672C;&#x878D;&#x5408;&#x6545;&#x4E8B;&#x4E0E;&#x601D;&#x8003;&#x7684;&#x513F;&#x7AE5;&#x76CA;&#x667A;&#x8BFB;&#x7269;&#x3002;</subfield>
  </datafield>
  <datafield tag="942" ind1=" " ind2=" ">
    <subfield code="2">ddc</subfield>
    <subfield code="c">BOOK</subfield>
    <subfield code="n">0</subfield>
  </datafield>
  <datafield tag="999" ind1=" " ind2=" ">
    <subfield code="c">10025</subfield>
    <subfield code="d">10025</subfield>
  </datafield>
  <datafield tag="952" ind1=" " ind2=" ">
    <subfield code="0">0</subfield>
    <subfield code="1">0</subfield>
    <subfield code="2">ddc</subfield>
    <subfield code="4">0</subfield>
    <subfield code="7">0</subfield>
    <subfield code="8">REF</subfield>
    <subfield code="a">002</subfield>
    <subfield code="b">002</subfield>
    <subfield code="c">LSHTTP</subfield>
    <subfield code="d">2026-03-30</subfield>
    <subfield code="l">0</subfield>
    <subfield code="o">&#x4E2D;&#x6587;: &#x5317;&#x732B; 818</subfield>
    <subfield code="p">2026-0407</subfield>
    <subfield code="r">2026-03-30 15:11:29</subfield>
    <subfield code="w">2026-03-30</subfield>
    <subfield code="y">BK</subfield>
  </datafield>
</record>
